LEADER 01027nam2 22002411i 450 001 RML0263034 005 20231121125720.0 100 $a20121121d1997 ||||0itac50 ba 101 | $aita 102 $ait 181 1$6z01$ai $bxxxe 182 1$6z01$an 200 1 $a˜TomoI œCommenti 462 1$1001RML0263033$12001 $a˜I œcontratti collettivi di comparto$eMinisteri, Enti pubblci non economici, Regioni, Autonomie locali, Aziende ed Amministrazioni autonome dello Stato, Sanitą, Scuola, Universitą, Istituzioni ed Enti di ricerca$fdiretto da Franco Carinci 676 $a344.45018904135$9$v21 801 3$aIT$bIT-01$c20121121 850 $aIT-FR0098 899 $aBiblioteca Area Giuridico Economica$bFR0098 912 $aRML0263034 950 2$aBiblioteca Area Giuridico Economica$d 53IMP 26 102$e 53VM 0000331465 VMB A4 barcode:ECO014429. - Inv:7076VM Tomo 1$fA $h20030515$i20121204 977 $a 53 996 $aCommenti$91401988 997 $aUNICAS